000 00286nam a22001337a 4500
008 170310b xxu||||| |||| 00| 0 eng d
020 _a9780323242356
041 _aeng
080 _a611
100 _a7
101 _aSHM
245 _aPEDIATRIC RHEUMATOLOGY
_cREIFF.A
942 _2udc
_cBK
999 _c7433
_d7433